| 000 | 00861nac a22002171u 4500 | ||
|---|---|---|---|
| 008 | 120115s2007 uk||||| |||| 00| 0 eng d | ||
| 020 | _a9781859649213 | ||
| 082 |
_a371.30281 _bMAN _222 |
||
| 100 |
_aManning, Anthony _928355 |
||
| 245 |
_aIntroduction to it skills/ _cAnthony Manning & Frances Russell with Fiona McGarry _pCourse book _nModule 7 |
||
| 260 |
_aLondon: _bGarnet pub.,2007 _c2007 |
||
| 300 |
_a42p.: _bcol. ill.; _c26 cm. |
||
| 440 |
_aUniversity foundation study _928356 |
||
| 650 |
_aInformation technology _928357 |
||
| 650 |
_aStudy skills _928358 |
||
| 650 |
_aLife skills _928359 |
||
| 700 |
_aRussell, Frances _928360 |
||
| 700 |
_aMcgarry, Fiona _928361 |
||
| 942 |
_cNB _k371.30281M2832 _2ddc |
||
| 999 |
_c4832 _d4832 |
||